00453 2200193 4500001002100000005001500021035002000036007000300056008004100059020001800100082001000118100001100128245002100139250000600160260003200166300002800198084001600226990001700242INLIS00000000000004120230223094824 a0010-0223000008ta230223 b 0 ind  a979-8399-00-5 a959.80 aRudini1 aSulawesi Selatan a- aJakarta :bIntermasa,c1992 a407 :bilus. ;c23,5e- a959.8 RUD s a00036/R/1992